Detekcia športových aktivít z video sekvencie

Saved in:
Bibliographic Details
Main Author: Hrebík, Marek (Author)
Other Authors: Sopiak, Dominik (Thesis advisor)
Format: Manuscript Book
Language:Slovak
Published: 2018
Subjects:
Online Access:http://is.stuba.sk/zp/portal_zp.pl?podrobnosti=137382
Tags: Add Tag
No Tags, Be the first to tag this record!

MARC

LEADER 00000ntm a22000003a 4500
001 stuzp66597
003 SK-STU
005 20181211091645.9
007 ta
008 150427s2015----xo-----f-mn---000-0-slo-d
040 |a STU  |b slo 
041 0 |a slo 
044 |a xo 
100 1 |a Hrebík, Marek  |u 035000  |4 aut  |U FEI Fakulta elektrotechniky a informatiky  |T FEI Ústav informatiky a matematiky  |X 72737  |U E050  |Y 816  |7 72737 
242 0 1 |a Sport activity detection from sequences of video frames  |y eng 
245 1 0 |a Detekcia športových aktivít z video sekvencie 
260 |c 2018 
300 |a 40 s., príl., CD-ROM 
650 4 |a detection  |2 eng 
650 4 |a principal components analysis  |2 eng 
650 4 |a machine learning  |2 eng 
650 4 |a histogram of oriented gradients  |2 eng 
650 4 |a recognition  |2 eng 
650 4 |a analýza hlavných komponentov  |2 slo 
650 4 |a strojové učenie  |2 slo 
650 4 |a histogram orientovaných gradientov  |2 slo 
650 4 |a rozpoznávanie  |2 slo 
650 4 |a detekcia  |2 slo 
700 1 |a Sopiak, Dominik  |u 035000  |k Z2  |4 ths  |U FEI Fakulta elektrotechniky a informatiky  |T FEI Ústav informatiky a matematiky  |X 64721  |U E050  |Y 816  |7 A000064721 
856 4 |u http://is.stuba.sk/zp/portal_zp.pl?podrobnosti=137382 
996 |b 284EP12075  |c E*DIPL- 12075  |l EE35  |s P  |a 0  |w stuzp66597_0001